Gramática elemental del hebreo bíblico
Saved in:
| Hovedforfatter: | |
|---|---|
| Format: | Bog |
| Udgivet: |
Pamplona, España:
Verbo Divino,
1997.
|
| Udgivelse: | 1a. ed. |
| Fag: | |
| Tags: |
Tilføj Tag
Ingen Tags, Vær først til at tagge denne postø!
|
MARC
| LEADER | 00000cam a2200000 a 4500 | ||
|---|---|---|---|
| 003 | CL-VaPUC | ||
| 005 | 20230804114945.0 | ||
| 008 | 230725t1997 ||||| |||| 00| 0 eng d | ||
| 999 | |c 365416 |d 365414 | ||
| 020 | |a 9788481692204 | ||
| 040 | |c Pontificia Universidad Católica de Valparaíso | ||
| 082 | |a 492 FAR 1997 | ||
| 100 | |a Farfán Navarro, Enrique |9 588246 |e autor | ||
| 245 | |a Gramática elemental del hebreo bíblico | ||
| 250 | |a 1a. ed. | ||
| 260 | |a Pamplona, España: |b Verbo Divino, |c 1997. | ||
| 300 | |a paginación irregular | ||
| 583 | |c 20230725 | ||
| 650 | 0 | |a Hebreo bíblico |9 876231 |x Gramática | |
| 942 | |2 ddc |c BK | ||
| 952 | |0 0 |1 0 |3 erb |4 0 |6 492_000000000000000_FAR_1997 |7 0 |8 A |9 479276 |a BIBTEO |b BIBTEO |i 5297672 |l 3 |m 4 |o 492 FAR 1997 |p 5297672 |r 2025-01-17 |s 2024-09-03 |w 2019-11-24 |y BK |z Catalogado en:20160713 |k ICR | ||
| 952 | |0 0 |1 0 |2 ddc |4 0 |6 492_000000000000000_FAR_1997 |7 0 |8 A |9 590995 |a BIBTEO |b BIBTEO |c GEN |d 2023-07-28 |e 1 |g 46567.00 |i 5658180 |o 492 FAR 1997 |p 5658180 |r 2025-01-17 |t 2 |v 46567.00 |w 2023-07-28 |y BK |k ICR | ||